| 000 | 00661nam a2200253Ia 4500 | ||
|---|---|---|---|
| 003 | OSt | ||
| 005 | 20220926012759.0 | ||
| 006 | a|||||r|||| 00| 0 | ||
| 007 | ta | ||
| 008 | 220923b |||||||| |||| 00| 0 eng d | ||
| 037 | _cGeneral Book | ||
| 040 |
_aRTL _cRTL _beng |
||
| 041 |
_2eng _aeng |
||
| 082 | _aR17, K9 | ||
| 100 | _aDubin Robert | ||
| 245 | 0 | _aTheory building | |
| 260 |
_aNew York _bFree Press U. S. A. _c1969 |
||
| 300 |
_aix, 298p _ccm. |
||
| 500 | _aAppendix: P 258-82 | ||
| 650 | _a Philosophy | ||
| 650 |
_aLogic-Scientific Method _9232654 |
||
| 942 |
_hR17, K9 _cGB _2CC |
||
| 999 |
_c624326 _d624326 |
||